[Event "C.to Italiano Semifinale"]
[Site "Civitanova Marche ITA"]
[Date "2013.07.20"]
[Round "1"]
[White "Altini, Nicola"]
[Black "Rettore, Ludwig"]
[WhiteElo "2347"]
[BlackElo "2111"]
[Result "1/2-1/2"]
[PlyCount "120"]
[EventDate "2013.07.20"]

1. d4 f5 2. g3 g6 3. Bg2 Nf6 4. Nf3 Bg7 5. c4 O-O 6. b4 d6 7. Bb2 e6 8. O-O Qe7
9. Nbd2 a5 10. bxa5 Nc6 11. a4 Nxa5 12. Re1 Ne4 13. Qc2 Bd7 14. d5 e5 15. Nxe4
fxe4 16. Nd2 e3 17. fxe3 Bh6 18. Ne4 Bxe3+ 19. Kh1 b6 20. Qd3 Bh6 21. Rf1 Nb7
22. Bc3 Bf5 23. Bb4 Qd7 24. Qb3 Bxe4 25. Bxe4 Rxf1+ 26. Rxf1 Qxa4 27. Qb1 Qd7
28. Kg2 Nc5 29. Bxc5 bxc5 30. Rf6 Rf8 31. Re6 Qf7 32. Bf3 Be3 33. Qd3 Bg5 34.
h4 Bd8 35. Qe3 Kh8 36. Qh6 Qg7 37. Qe3 Qf7 38. Qh6 Qg7 39. Qd2 Qf7 40. Qe3 Kg7
41. h5 g5 42. Qe4 Qf5 43. h6+ Kg8 44. Qxf5 Rxf5 45. Re8+ Rf8 46. Rxf8+ Kxf8 47.
Be4 g4 48. Bxh7 Bg5 49. Bf5 Bxh6 50. Bxg4 Kg7 51. Kf3 Kf6 52. Bd7 Kg5 53. Ke4
Bg7 54. Kd3 Bh6 55. e4 Bg7 56. Kc2 Bh6 57. Kb3 Kf6 58. Bf5 Ke7 59. Be6 Kf6 60.
Ka4 Ke7 1/2-1/2

[Event "C.to Italiano Semifinale"]
[Site "Civitanova Marche ITA"]
[Date "2013.07.20"]
[Round "1"]
[White "Astengo, Marcello"]
[Black "Contin, Daniel"]
[WhiteElo "2091"]
[BlackElo "2330"]
[Result "0-1"]
[PlyCount "79"]
[EventDate "2013.07.20"]

1. d4 Nf6 2. c4 e6 3. Nf3 b6 4. Bg5 Bb7 5. e3 h6 6. Bxf6 Qxf6 7. Be2 c5 8. O-O
g5 9. Nc3 cxd4 10. Nxd4 Bb4 11. Ndb5 Qe5 12. Qd3 a6 13. Nd4 f5 14. f4 gxf4 15.
Bh5+ Ke7 16. exf4 Qxd4+ 17. Qxd4 Bc5 18. Qf2 Bxf2+ 19. Rxf2 Bc6 20. b4 b5 21.
Be2 bxc4 22. Bxc4 Rc8 23. Rc2 Be4 24. Nxe4 fxe4 25. a4 Ra7 26. Rac1 d5 27. Bf1
Rxc2 28. Rxc2 d4 29. b5 d3 30. Rc8 Nd7 31. Kf2 axb5 32. axb5 Ra1 33. Rc3 Rb1
34. Bxd3 exd3 35. Rxd3 Rxb5 36. g4 Nf6 37. Kf3 Rb4 38. h4 h5 39. g5 Nd5 40. f5
0-1

[Event "C.to Italiano Semifinale"]
[Site "Civitanova Marche ITA"]
[Date "2013.07.20"]
[Round "1"]
[White "Bartolozzi, Roberto"]
[Black "Rambaldi, Francesco"]
[WhiteElo "2102"]
[BlackElo "2347"]
[Result "0-1"]
[PlyCount "74"]
[EventDate "2013.07.20"]

1. d4 Nf6 2. Nf3 g6 3. Bf4 Bg7 4. e3 O-O 5. Be2 c5 6. c3 b6 7. Nbd2 Bb7 8. h3
d6 9. O-O Nbd7 10. a4 a6 11. Qb3 Ra7 12. Rfd1 Qa8 13. Bf1 Bc6 14. Qa3 Rc8 15.
Bh2 Rac7 16. Rdc1 Bb7 17. b4 cxb4 18. cxb4 Nd5 19. Bc4 b5 20. Bxd5 Rxc1+ 21.
Rxc1 Bxd5 22. a5 Bxf3 23. Nxf3 Nf6 24. Bf4 Nd5 25. Bg5 Bf8 26. Rxc8 Qxc8 27. e4
Nc3 28. e5 dxe5 29. dxe5 e6 30. Kh2 Nd5 31. Bd2 Qc4 32. h4 Bxb4 33. Bxb4 Qxb4
34. Qd3 Qxa5 35. Ng5 Qc3 36. Qe2 Qc4 37. Qf3 Qf4+ 0-1

[Event "C.to Italiano Semifinale"]
[Site "Civitanova Marche ITA"]
[Date "2013.07.20"]
[Round "1"]
[White "Bianco, Valerio"]
[Black "Bruno, Fabio"]
[WhiteElo "2141"]
[BlackElo "2421"]
[Result "0-1"]
[PlyCount "66"]
[EventDate "2013.07.20"]

1. d4 d5 2. c4 e6 3. Nc3 c6 4. e4 Bb4 5. e5 Ne7 6. a3 Bxc3+ 7. bxc3 c5 8. Nf3
Nbc6 9. Ra2 cxd4 10. cxd4 b6 11. cxd5 Qxd5 12. Rc2 Bb7 13. Bc4 Qe4+ 14. Re2 Qg6
15. Rg1 Rd8 16. Bd3 Nf5 17. g4 Nfxd4 18. Nxd4 Nxd4 19. Rg3 f5 20. Rd2 O-O 21.
gxf5 Qh6 22. f6 Rf7 23. Bc4 Qf4 24. Re3 gxf6 25. Bxe6 fxe5 26. Bxf7+ Qxf7 27.
Rg3+ Kf8 28. Rdd3 Be4 29. Bh6+ Ke8 30. Qa4+ b5 31. Qd1 Bxd3 32. Rxd3 Qg6 33.
Qc1 Qxd3 0-1

[Event "C.to Italiano Semifinale"]
[Site "Civitanova Marche ITA"]
[Date "2013.07.20"]
[Round "1"]
[White "Bonafede, Alessandro"]
[Black "Lantini, Marco"]
[WhiteElo "2380"]
[BlackElo "2119"]
[Result "1/2-1/2"]
[PlyCount "118"]
[EventDate "2013.07.20"]

1. e4 e5 2. Nf3 Nc6 3. Bc4 Bc5 4. b4 Bb6 5. a4 a6 6. a5 Ba7 7. c3 Nf6 8. d3 d6
9. h3 h6 10. O-O O-O 11. Qb3 Ne7 12. Re1 c6 13. Qa2 Ng6 14. d4 exd4 15. cxd4
Nxe4 16. Rxe4 d5 17. Bxd5 cxd5 18. Re1 Be6 19. Nc3 Nh4 20. Nxh4 Qxh4 21. Ne2
Bxd4 22. Nxd4 Qxd4 23. Qa3 Qh4 24. Bb2 Rac8 25. Qd3 Rfd8 26. Re3 Qc4 27. Qd2
Qf4 28. Be5 Qf5 29. Qd4 Rc4 30. Qb6 Rd7 31. Rae1 Re4 32. Bb2 Qf4 33. Qa7 Rxe3
34. Rxe3 Qxb4 35. Qb8+ Kh7 36. Qe5 d4 37. Rg3 g6 38. Bc1 Qd6 39. Qf6 Qe7 40.
Qf4 g5 41. Qe4+ f5 42. Qe5 Qd6 43. Qe1 Bf7 44. h4 f4 45. Rd3 Bg6 46. Rb3 d3 47.
Qd2 Qe6 48. Rb2 Qe2 49. Qc3 Qd1+ 50. Kh2 Qg4 51. Rb6 f3 52. gxf3 Qxf3 53. Rf6
Qg4 54. Rf8 Qd4 55. Qc8 Qxh4+ 56. Kg1 Qg4+ 57. Kh2 Qh4+ 58. Kg1 Qg4+ 59. Kh2
Qd4 1/2-1/2

[Event "C.to Italiano Semifinale"]
[Site "Civitanova Marche ITA"]
[Date "2013.07.20"]
[Round "1"]
[White "Boraso, Alessio"]
[Black "Codenotti, Marco"]
[WhiteElo "2119"]
[BlackElo "2370"]
[Result "0-1"]
[PlyCount "82"]
[EventDate "2013.07.20"]

1. d4 d5 2. c4 c6 3. cxd5 cxd5 4. Nc3 Nc6 5. Bf4 Nf6 6. e3 Bf5 7. Nf3 e6 8. Ne5
Nxe5 9. Bxe5 Nd7 10. Bg3 Bb4 11. Bb5 Qa5 12. Bxd7+ Kxd7 13. O-O Bxc3 14. bxc3
Rhc8 15. Qh5 Ke7 16. Qg5+ Kf8 17. Bd6+ Kg8 18. Qe7 Qd8 19. Qxd8+ Rxd8 20. Bb4
Rdc8 21. Rfc1 a5 22. Bc5 Rc6 23. a4 Rac8 24. Ra3 b6 25. Be7 Rc4 26. Rb3 R8c6
27. Bd8 Rb4 28. Ra3 Rb2 29. Bh4 Kf8 30. h3 Ke8 31. f3 Rc2 32. Rxc2 Bxc2 33. Ra2
Rxc3 34. Bf2 Kd7 35. Kf1 Rc4 36. Ke1 Bxa4 37. Kd2 Bb3 38. Rb2 a4 39. Kd3 b5 40.
Be1 b4 41. e4 a3 0-1

[Event "C.to Italiano Semifinale"]
[Site "Civitanova Marche ITA"]
[Date "2013.07.20"]
[Round "1"]
[White "Bove, Alessandro"]
[Black "Albertini, Luca"]
[WhiteElo "2365"]
[BlackElo "2116"]
[Result "1-0"]
[PlyCount "53"]
[EventDate "2013.07.20"]

1. e4 e5 2. Nc3 Nc6 3. f4 Bc5 4. fxe5 d6 5. Bb5 dxe5 6. Qh5 Qd6 7. Nf3 Bd4 8.
Nd5 g6 9. Qg5 f6 10. Qg3 Bd7 11. c3 Bb6 12. d4 O-O-O 13. Bxc6 Bxc6 14. dxe5
fxe5 15. Bg5 Re8 16. O-O-O Qe6 17. Qxe5 Qxe5 18. Nxb6+ cxb6 19. Nxe5 Ne7 20.
Nf7 Rhf8 21. Nd6+ Kc7 22. Nxe8+ Rxe8 23. Rhf1 Kc8 24. Rf7 Ng8 25. Bf4 Re7 26.
Rxe7 Nxe7 27. Bg5 1-0

[Event "C.to Italiano Semifinale"]
[Site "Civitanova Marche ITA"]
[Date "2013.07.20"]
[Round "1"]
[White "Dappiano, Andrea"]
[Black "Rombaldoni, Denis"]
[WhiteElo "2149"]
[BlackElo "2484"]
[Result "0-1"]
[PlyCount "76"]
[EventDate "2013.07.20"]

1. c4 c6 2. g3 d5 3. Bg2 Nf6 4. Nf3 Nbd7 5. O-O dxc4 6. Na3 Nb6 7. Qc2 Qd5 8.
Ne1 Qe6 9. d3 cxd3 10. Nxd3 Qf5 11. e4 Qa5 12. b4 Qa4 13. Qc3 a5 14. Rb1 axb4
15. Rxb4 Qa5 16. Qd4 Nfd7 17. Rb3 e5 18. Qb2 Be7 19. Bh3 O-O 20. Bxd7 Nxd7 21.
Nc4 Qxa2 22. Ncxe5 Nxe5 23. Nxe5 Bf6 24. Qxa2 Rxa2 25. Nd3 Re8 26. Re1 Bd4 27.
Be3 Bxe3 28. Rxe3 Rc2 29. Kg2 b5 30. Nb4 Rc4 31. Rec3 Be6 32. Rxc4 Bxc4 33. Rc3
c5 34. Na6 Rc8 35. Kf3 Kf8 36. Ke3 Ke7 37. Rc1 Kd7 38. Rd1+ Kc6 0-1

[Event "C.to Italiano Semifinale"]
[Site "Civitanova Marche ITA"]
[Date "2013.07.20"]
[Round "1"]
[White "Distaso, Antonio"]
[Black "De Filomeno, Simone"]
[WhiteElo "2119"]
[BlackElo "2385"]
[Result "0-1"]
[PlyCount "100"]
[EventDate "2013.07.20"]

1. e4 c5 2. Nf3 d6 3. d4 cxd4 4. Nxd4 Nf6 5. Nc3 a6 6. Be3 e5 7. Nb3 Be6 8. Be2
Be7 9. O-O O-O 10. a4 Nc6 11. Bf3 Na5 12. Nxa5 Qxa5 13. Qd2 Rfd8 14. Rfd1 Rac8
15. Nd5 Qxd2 16. Nxf6+ Bxf6 17. Rxd2 h6 18. h3 Kf8 19. c3 Ke7 20. Kf1 Bg5 21.
Bxg5+ hxg5 22. Bg4 Bc4+ 23. Ke1 Rc5 24. b4 Rc7 25. a5 Bb5 26. Rc1 Rc4 27. f3 g6
28. Kd1 Rf8 29. Kc2 Be8 30. Kb3 Rc6 31. h4 f5 32. exf5 gxf5 33. Bh3 gxh4 34. c4
Bd7 35. Rdc2 Be6 36. Ka4 Rd8 37. b5 Rc5 38. Kb4 Rdc8 39. Rc3 Bd7 40. b6 Be6 41.
R1c2 Kf6 42. Rc1 Kg5 43. R1c2 Kf4 44. Rc1 d5 45. cxd5 Rxc3 46. Rxc3 Rxc3 47.
Kxc3 Bxd5 48. Kd3 e4+ 49. fxe4 fxe4+ 50. Ke2 e3 0-1

[Event "C.to Italiano Semifinale"]
[Site "Civitanova Marche ITA"]
[Date "2013.07.20"]
[Round "1"]
[White "Genocchio, Daniele"]
[Black "Viviani, Alessio"]
[WhiteElo "2413"]
[BlackElo "2141"]
[Result "1/2-1/2"]
[PlyCount "66"]
[EventDate "2013.07.20"]

1. e4 c5 2. Nf3 d6 3. d4 cxd4 4. Nxd4 Nf6 5. Nc3 a6 6. h3 e5 7. Nde2 Be7 8. g4
h6 9. Ng3 Nc6 10. Bc4 Be6 11. Bb3 O-O 12. Nf5 Bxf5 13. gxf5 b5 14. Rg1 Kh7 15.
Qf3 Nd4 16. Qg3 Rg8 17. Bxf7 Nxc2+ 18. Ke2 Nxa1 19. Qg6+ Kh8 20. Bxh6 Qf8 21.
Bg5 Nh7 22. Nd5 Bxg5 23. Rxg5 Qxf7 24. Qxf7 Nxg5 25. Qh5+ Nh7 26. Ne7 Rge8 27.
Qf7 Nf6 28. Kd3 Rad8 29. a3 d5 30. exd5 Rd7 31. Ng6+ Kh7 32. Nf8+ Rxf8 33. Qxf8
Nb3 1/2-1/2

[Event "C.to Italiano Semifinale"]
[Site "Civitanova Marche ITA"]
[Date "2013.07.20"]
[Round "1"]
[White "Lanzani, Mario"]
[Black "Rago, Riccardo"]
[WhiteElo "2308"]
[BlackElo "2084"]
[Result "1-0"]
[PlyCount "59"]
[EventDate "2013.07.20"]

1. e4 c5 2. Nf3 Nc6 3. d4 cxd4 4. Nxd4 Nf6 5. Nc3 e5 6. Ndb5 d6 7. Bg5 a6 8.
Na3 b5 9. Bxf6 gxf6 10. Nd5 Bg7 11. c3 f5 12. Nxb5 axb5 13. Bxb5 Bb7 14. exf5
O-O 15. Qg4 Kh8 16. O-O Nd4 17. Bc4 Rc8 18. b3 Bxd5 19. Bxd5 Rxc3 20. f4 Nc2
21. fxe5 Bxe5 22. f6 Rg8 23. Qh4 Nxa1 24. Be4 Rg6 25. Bxg6 fxg6 26. f7 Qf8 27.
Rxa1 Qxf7 28. Rf1 Qd7 29. Qh6 Bd4+ 30. Kh1 1-0

[Event "C.to Italiano Semifinale"]
[Site "Civitanova Marche ITA"]
[Date "2013.07.20"]
[Round "1"]
[White "Locci, Damiano"]
[Black "Boscolo, Federico"]
[WhiteElo "2115"]
[BlackElo "2349"]
[Result "0-1"]
[PlyCount "78"]
[EventDate "2013.07.20"]

1. e4 c5 2. Nf3 Nc6 3. Bb5 d6 4. d4 cxd4 5. Qxd4 Bd7 6. Bxc6 Bxc6 7. Nc3 Nf6 8.
Bg5 e6 9. Qd3 Be7 10. Nd4 Qa5 11. Bd2 Qc7 12. O-O-O O-O 13. f4 Rfd8 14. f5 e5
15. Nxc6 bxc6 16. g4 d5 17. g5 dxe4 18. Qc4 Nd5 19. g6 hxg6 20. fxg6 f5 21. h4
Rab8 22. h5 Qb6 23. b3 Qc5 24. Nxd5 cxd5 25. Qe2 d4 26. Qa6 Rd6 27. Qa4 Rc6 28.
b4 Qc4 29. Qb3 Qxb3 30. axb3 e3 31. Be1 Bg5 32. Kb2 f4 33. Ra1 f3 34. Bg3 Bf4
35. Bxf4 exf4 36. Rxa7 f2 37. b5 Re6 38. Rha1 e2 39. Rb7 Ree8 0-1

[Event "C.to Italiano Semifinale"]
[Site "Civitanova Marche ITA"]
[Date "2013.07.20"]
[Round "1"]
[White "Rombaldoni, Axel"]
[Black "La Manna, Andrea"]
[WhiteElo "2494"]
[BlackElo "2192"]
[Result "0-1"]
[PlyCount "112"]
[EventDate "2013.07.20"]

1. e4 d5 2. exd5 Nf6 3. c4 e6 4. dxe6 Bxe6 5. d4 Bb4+ 6. Nc3 Ne4 7. Qc2 Nxc3 8.
bxc3 Qxd4 9. Bd2 Qe5+ 10. Be2 Nd7 11. Nf3 Qf6 12. O-O Bd6 13. Rae1 O-O 14. Ng5
Bf5 15. Bd3 Bxd3 16. Qxd3 Qg6 17. Qd5 Nc5 18. Be3 c6 19. Qf3 h6 20. Nh3 Rfe8
21. Rd1 Rad8 22. Nf4 Qf6 23. Qg4 Bf8 24. Nh5 Qg6 25. Qf3 a6 26. Rd4 f5 27. Rfd1
Ne6 28. Rxd8 Rxd8 29. Rxd8 Nxd8 30. Ng3 Qe6 31. Nxf5 Qxc4 32. h4 Qxa2 33. Qg4
Kh7 34. Nxh6 Qb1+ 35. Kh2 Qg6 36. Qc8 Qd6+ 37. g3 gxh6 38. Bf4 Qe7 39. Qf5+ Kg8
40. Qg4+ Kh7 41. h5 Qe6 42. Qd1 Nf7 43. Qb1+ Kg8 44. Qxb7 a5 45. Qa6 Qd5 46.
Qe2 Qf5 47. Qd1 Ng5 48. Qb3+ Qf7 49. Qd1 Qd5 50. Qg4 Qf3 51. Qxf3 Nxf3+ 52. Kg2
Ng5 53. f3 a4 54. Bc1 a3 55. Kf2 a2 56. Bb2 Ne6 0-1

[Event "C.to Italiano Semifinale"]
[Site "Civitanova Marche ITA"]
[Date "2013.07.20"]
[Round "1"]
[White "Scalcione, Michelangelo"]
[Black "Bonade', Massimo"]
[WhiteElo "2342"]
[BlackElo "2100"]
[Result "1-0"]
[PlyCount "77"]
[EventDate "2013.07.20"]

1. Nf3 Nf6 2. c4 b6 3. g3 Bb7 4. Bg2 e6 5. O-O Be7 6. d3 O-O 7. e4 d6 8. Nc3 c5
9. Re1 Nc6 10. d4 cxd4 11. Nxd4 Rc8 12. b3 Qc7 13. Bb2 Rfd8 14. Rc1 Nd7 15. Nd5
exd5 16. cxd5 Nde5 17. dxc6 Ba6 18. Bf1 Bxf1 19. Rxf1 a6 20. f4 Ng6 21. Nf5 Bf8
22. Qd4 f6 23. Qd5+ Kh8 24. a4 Ne7 25. Nxe7 Qxe7 26. b4 Re8 27. Rfe1 Qa7 28.
Bd4 Qb8 29. b5 a5 30. Kg2 Be7 31. Kf3 Bd8 32. h4 Qc7 33. g4 Qe7 34. g5 Qf8 35.
Qf5 fxg5 36. hxg5 Qxf5 37. exf5 Bc7 38. f6 gxf6 39. gxf6 1-0

[Event "C.to Italiano Semifinale"]
[Site "Civitanova Marche ITA"]
[Date "2013.07.20"]
[Round "1"]
[White "Stella, Andrea"]
[Black "Cecconi, Giovanni Alberto"]
[WhiteElo "2447"]
[BlackElo "2142"]
[Result "1-0"]
[PlyCount "59"]
[EventDate "2013.07.20"]

1. Nf3 f5 2. c4 Nf6 3. g3 g6 4. b4 Bg7 5. Bb2 d6 6. d4 c6 7. a4 O-O 8. Bg2 d5
9. Nbd2 Ne4 10. O-O Be6 11. Rc1 Bh6 12. e3 Nd7 13. b5 Qa5 14. Nxe4 fxe4 15. Bc3
Qd8 16. Nd2 Nf6 17. bxc6 bxc6 18. cxd5 cxd5 19. h3 Qd7 20. Kh2 Rab8 21. Qc2
Rbc8 22. Qa2 Qd6 23. Nb3 Nh5 24. Qe2 Rf7 25. Nc5 Ng7 26. Qa6 Rc6 27. Qxa7 Bc8
28. Bb4 Qf6 29. Qa8 Rf8 30. Nxe4 1-0

[Event "C.to Italiano Semifinale"]
[Site "Civitanova Marche ITA"]
[Date "2013.07.21"]
[Round "2"]
[White "Bentivegna, Francesco"]
[Black "Stella, Andrea"]
[WhiteElo "2293"]
[BlackElo "2447"]
[Result "1/2-1/2"]
[PlyCount "55"]
[EventDate "2013.07.20"]

1. e4 e6 2. d4 d5 3. exd5 exd5 4. c4 Bb4+ 5. Nc3 Ne7 6. Bd3 Nbc6 7. Nge2 dxc4
8. Bxc4 O-O 9. a3 Bd6 10. Bg5 h6 11. Be3 Nf5 12. O-O a6 13. Bd5 Nce7 14. Ba2
Ng6 15. Ng3 Qh4 16. Nce4 Nxg3 17. Nxg3 Kh8 18. Qc2 Nf4 19. Rfe1 Bd7 20. Bxf4
Qxf4 21. Qe4 Qxe4 22. Nxe4 Bc6 23. Nxd6 cxd6 24. Re7 d5 25. Rae1 Rad8 26. h4 g6
27. f4 Rd6 28. R7e5 1/2-1/2

[Event "C.to Italiano Semifinale"]
[Site "Civitanova Marche ITA"]
[Date "2013.07.21"]
[Round "2"]
[White "Boscolo, Federico"]
[Black "Basso, Pier Luigi"]
[WhiteElo "2349"]
[BlackElo "2239"]
[Result "1-0"]
[PlyCount "39"]
[EventDate "2013.07.20"]

1. e4 Nc6 2. d4 d5 3. Nc3 Nf6 4. e5 Nd7 5. Nxd5 Ndb8 6. Nc3 Qxd4 7. Be3 Qxe5 8.
Nf3 Qa5 9. a3 Bd7 10. Bb5 a6 11. b4 Nxb4 12. axb4 Qxb4 13. Bxd7+ Nxd7 14. Bd2
O-O-O 15. O-O e6 16. Qe2 Nb6 17. Nd5 Qd6 18. Nxb6+ cxb6 19. Bg5 Be7 20. Qc4+
1-0

[Event "C.to Italiano Semifinale"]
[Site "Civitanova Marche ITA"]
[Date "2013.07.21"]
[Round "2"]
[White "Bruno, Fabio"]
[Black "Xia, Jie"]
[WhiteElo "2421"]
[BlackElo "2287"]
[Result "1-0"]
[PlyCount "69"]
[EventDate "2013.07.20"]

1. Nf3 d6 2. c4 c5 3. Nc3 Nc6 4. e3 Nf6 5. d4 cxd4 6. exd4 g6 7. d5 Nb8 8. Be2
Bg7 9. O-O O-O 10. Re1 Na6 11. h3 Bd7 12. Bf1 Re8 13. Bg5 h6 14. Be3 Nc7 15.
Qd2 Kh7 16. Rad1 Qb8 17. b4 b5 18. c5 a5 19. a3 axb4 20. axb4 Ra3 21. Bd4 dxc5
22. Bxc5 Na6 23. Nb1 Rb3 24. Nd4 Rxb1 25. Rxb1 Nxd5 26. Nxb5 e6 27. Nd4 Nxc5
28. bxc5 Qc7 29. Rec1 Rc8 30. c6 Be8 31. Ba6 Rd8 32. Nb5 Qe7 33. Qe2 Qg5 34. c7
Nf4 35. Qg4 1-0

[Event "C.to Italiano Semifinale"]
[Site "Civitanova Marche ITA"]
[Date "2013.07.21"]
[Round "2"]
[White "Codenotti, Marco"]
[Black "Esposito, Luca"]
[WhiteElo "2370"]
[BlackElo "2277"]
[Result "0-1"]
[PlyCount "94"]
[EventDate "2013.07.20"]

1. e4 c5 2. Nf3 e6 3. d4 cxd4 4. Nxd4 Nc6 5. Nc3 Qc7 6. Be2 a6 7. O-O Nf6 8.
Be3 b5 9. a3 Bb7 10. f4 Bc5 11. Nf5 Ne7 12. Nd4 Nxe4 13. Nxe4 Bxe4 14. Bf3 Bxf3
15. Qxf3 O-O 16. c3 Nd5 17. Kh1 Nxe3 18. Qxe3 Rfe8 19. Rae1 g6 20. Rf3 d6 21.
Qd2 Bxd4 22. cxd4 Rac8 23. Rc3 Qb7 24. Rec1 Rxc3 25. Qxc3 Qe4 26. Qc6 Qxc6 27.
Rxc6 e5 28. Kg1 exd4 29. Rxd6 Re2 30. b4 Ra2 31. Rxa6 d3 32. Rd6 Rxa3 33. Kf2
Ra2+ 34. Kf3 Rb2 35. Rxd3 Rxb4 36. g4 Rc4 37. Rd8+ Kg7 38. g5 h5 39. Rb8 b4 40.
h4 Rc3+ 41. Ke4 Rh3 42. Rxb4 Rxh4 43. Kf3 Rh3+ 44. Kg2 Rd3 45. Rb6 Kf8 46. Rf6
Ke7 47. Kh2 Rd6 0-1

[Event "C.to Italiano Semifinale"]
[Site "Civitanova Marche ITA"]
[Date "2013.07.21"]
[Round "2"]
[White "Contin, Daniel"]
[Black "Sellitti, Federico"]
[WhiteElo "2330"]
[BlackElo "2199"]
[Result "1-0"]
[PlyCount "125"]
[EventDate "2013.07.20"]

1. Nf3 Nf6 2. c4 c5 3. Nc3 Nc6 4. g3 g6 5. Bg2 Bg7 6. d4 cxd4 7. Nxd4 O-O 8.
Nc2 d6 9. O-O Be6 10. b3 Qd7 11. e4 Bh3 12. Rb1 Bxg2 13. Kxg2 Rab8 14. Bb2 a6
15. a4 b5 16. cxb5 axb5 17. Qe2 bxa4 18. bxa4 Qe6 19. Ba1 Nd7 20. Nd5 Nc5 21.
Bxg7 Kxg7 22. f3 Nxa4 23. Qa6 Nc5 24. Qxc6 Rfc8 25. Nd4 Qe5 26. Rxb8 Rxb8 27.
Nc2 Rb2 28. Rf2 f5 29. Nde3 Ra2 30. Qd5 Qxd5 31. exd5 Nd3 32. Rd2 Nc5 33. Re2
Nd3 34. f4 Kf6 35. Kf3 Nc5 36. Nd1 Nb3 37. Ke3 Ra4 38. Nc3 Rc4 39. Kd3 Rc7 40.
Re6+ Kf7 41. Re3 Nc1+ 42. Kd2 Nb3+ 43. Kd1 Nc5 44. Nd4 Nd7 45. Nc6 Nf6 46. Kd2
h6 47. Kd3 g5 48. Kd4 Kf8 49. Nd8 gxf4 50. Ne6+ Kf7 51. Nxc7 fxe3 52. h3 Ne4
53. Ne2 Nf2 54. h4 Ng4 55. Ne6 Kg6 56. N6f4+ Kf6 57. Ng2 e5+ 58. dxe6 Kxe6 59.
Nef4+ Kf6 60. Nd5+ Kf7 61. Ngxe3 Ne5 62. Nxf5 Kg6 63. Nxd6 1-0

[Event "C.to Italiano Semifinale"]
[Site "Civitanova Marche ITA"]
[Date "2013.07.21"]
[Round "2"]
[White "De Filomeno, Simone"]
[Black "Vezzosi, Paolo"]
[WhiteElo "2385"]
[BlackElo "2281"]
[Result "1-0"]
[PlyCount "59"]
[EventDate "2013.07.20"]

1. e4 e5 2. Nf3 Nc6 3. d4 exd4 4. Nxd4 Nf6 5. Nxc6 bxc6 6. e5 Qe7 7. Qe2 Nd5 8.
c4 Nb6 9. Nc3 Qe6 10. Qe4 Bb4 11. Bd2 Ba6 12. b3 Bxc3 13. Bxc3 d5 14. Qh4 dxc4
15. Be2 O-O 16. O-O Rfe8 17. Rfe1 Rad8 18. h3 c5 19. Rac1 Bb7 20. bxc4 Na4 21.
Ba1 Rd2 22. Bg4 Qg6 23. Rcd1 Rxd1 24. Rxd1 Qe4 25. Qg3 Bc8 26. Bxc8 Rxc8 27. e6
f6 28. Bxf6 Qg6 29. Qxc7 Re8 30. Be5 1-0

[Event "C.to Italiano Semifinale"]
[Site "Civitanova Marche ITA"]
[Date "2013.07.21"]
[Round "2"]
[White "La Manna, Andrea"]
[Black "Lanzani, Mario"]
[WhiteElo "2192"]
[BlackElo "2308"]
[Result "1/2-1/2"]
[PlyCount "37"]
[EventDate "2013.07.20"]

1. d4 Nf6 2. c4 e6 3. Nc3 Bb4 4. a3 Bxc3+ 5. bxc3 c5 6. f3 Nc6 7. e4 d6 8. Be3
b6 9. Bd3 O-O 10. f4 cxd4 11. cxd4 e5 12. Nf3 exd4 13. Nxd4 Nxd4 14. Bxd4 Re8
15. O-O Nxe4 16. Re1 Nc5 17. Bc2 Bd7 18. Qh5 h6 19. Bc3 1/2-1/2

[Event "C.to Italiano Semifinale"]
[Site "Civitanova Marche ITA"]
[Date "2013.07.21"]
[Round "2"]
[White "Lantini, Marco"]
[Black "Altini, Nicola"]
[WhiteElo "2119"]
[BlackElo "2347"]
[Result "0-1"]
[PlyCount "78"]
[EventDate "2013.07.20"]

1. d4 d5 2. c4 c6 3. Nf3 Nf6 4. e3 Bf5 5. Nc3 e6 6. Nh4 Bg6 7. Nxg6 hxg6 8. a3
Nbd7 9. Bd2 a6 10. cxd5 exd5 11. g3 Bd6 12. Bg2 Nb6 13. O-O a5 14. e4 dxe4 15.
Bg5 Be7 16. Re1 O-O 17. Nxe4 Nxe4 18. Bxe7 Qxe7 19. Rxe4 Qd6 20. Qc2 Nd7 21.
Rae1 Nf6 22. Re7 Rfe8 23. Rxe8+ Rxe8 24. Rxe8+ Nxe8 25. Qa4 Qd8 26. Qb3 Nd6 27.
d5 c5 28. Qe3 b6 29. h4 Qf6 30. Qe2 Kh7 31. h5 gxh5 32. Qxh5+ Kg8 33. Qe2 g6
34. Kh2 Kg7 35. f4 b5 36. b3 c4 37. bxc4 bxc4 38. Be4 Qd4 39. Qc2 Nxe4 0-1

[Event "C.to Italiano Semifinale"]
[Site "Civitanova Marche ITA"]
[Date "2013.07.21"]
[Round "2"]
[White "Moroni, Luca jr"]
[Black "Genocchio, Daniele"]
[WhiteElo "2211"]
[BlackElo "2413"]
[Result "0-1"]
[PlyCount "42"]
[EventDate "2013.07.20"]

1. Nf3 a6 2. c4 b5 3. d4 Nf6 4. b3 e6 5. Bg5 h6 6. Bxf6 Qxf6 7. e3 c5 8. Nbd2
cxd4 9. exd4 Nc6 10. cxb5 Nxd4 11. Nxd4 Qxd4 12. Rc1 Bb4 13. bxa6 O-O 14. Rc2
Qe4+ 15. Be2 Bxa6 16. f3 Qe5 17. a3 Rfc8 18. Rxc8+ Rxc8 19. axb4 Rc1 20. Ne4
Rxd1+ 21. Bxd1 f5 0-1

[Event "C.to Italiano Semifinale"]
[Site "Civitanova Marche ITA"]
[Date "2013.07.21"]
[Round "2"]
[White "Rambaldi, Francesco"]
[Black "Pescatore, Lorenzo"]
[WhiteElo "2347"]
[BlackElo "2230"]
[Result "1/2-1/2"]
[PlyCount "29"]
[EventDate "2013.07.20"]

1. c4 e5 2. g3 Nf6 3. Bg2 c6 4. d4 exd4 5. Qxd4 d5 6. Nf3 Be6 7. O-O dxc4 8.
Qxd8+ Kxd8 9. Ng5 Nbd7 10. Nxe6+ fxe6 11. Bh3 e5 12. Bg5 Kc7 13. Rc1 b5 14. b3
Bc5 15. Nd2 1/2-1/2

[Event "C.to Italiano Semifinale"]
[Site "Civitanova Marche ITA"]
[Date "2013.07.21"]
[Round "2"]
[White "Rettore, Ludwig"]
[Black "Bonafede, Alessandro"]
[WhiteElo "2111"]
[BlackElo "2380"]
[Result "0-1"]
[PlyCount "78"]
[EventDate "2013.07.20"]

1. d4 f5 2. g3 Nf6 3. Bg2 g6 4. Nh3 Bg7 5. Nf4 Nc6 6. Nc3 e5 7. dxe5 Nxe5 8.
O-O O-O 9. e4 fxe4 10. Nxe4 Nxe4 11. Bxe4 c6 12. c4 Nxc4 13. h4 Ne5 14. h5 d5
15. Qb3 Qb6 16. Bg2 Qxb3 17. axb3 g5 18. h6 Bxh6 19. Re1 gxf4 20. Rxe5 Bg7 21.
Bxf4 Bxe5 22. Bxe5 Bf5 23. f4 a5 24. Kf2 Bc2 25. Bh3 Rfe8 26. Rh1 a4 27. bxa4
Rxa4 28. Bd7 Re7 29. Bc8 Kf7 30. Rh6 Rb4 31. Rf6+ Ke8 32. Be6 d4 33. Ke1 d3 34.
Kd2 Re4 35. Bf5 Re2+ 36. Kc3 Bb1 37. Rd6 c5 38. b3 Rc2+ 39. Kxd3 Rg2+ 0-1

[Event "C.to Italiano Semifinale"]
[Site "Civitanova Marche ITA"]
[Date "2013.07.21"]
[Round "2"]
[White "Rombaldoni, Denis"]
[Black "Sibilio, Mario"]
[WhiteElo "2484"]
[BlackElo "2306"]
[Result "1/2-1/2"]
[PlyCount "83"]
[EventDate "2013.07.20"]

1. c4 g6 2. Nc3 Bg7 3. g3 Nf6 4. Bg2 O-O 5. d4 d6 6. e3 Nbd7 7. Nge2 e5 8. O-O
Re8 9. Qc2 a5 10. b3 exd4 11. Nxd4 Nc5 12. Bb2 Bd7 13. a3 Qc8 14. Ncb5 Na6 15.
Bc3 Bh3 16. Ne2 Bxg2 17. Kxg2 Nc5 18. Nf4 Nce4 19. Bb2 g5 20. Nd5 Nxd5 21. cxd5
Bxb2 22. Qxb2 c6 23. dxc6 bxc6 24. Nc3 Qe6 25. Nxe4 Qxe4+ 26. Kg1 Re6 27. Rad1
c5 28. Qd2 g4 29. Rc1 h5 30. Rc4 Qe5 31. Rd1 Rb8 32. Qxa5 Rxb3 33. Qd8+ Kg7 34.
Rf4 Rxa3 35. Qd7 Rf6 36. Rxf6 Qxf6 37. Qxd6 Qxd6 38. Rxd6 Rc3 39. e4 Rc1+ 40.
Kg2 Re1 41. Rd5 Kg6 42. Rxc5 1/2-1/2